Niebla

Gespeichert in:
Bibliographische Detailangaben
1. Verfasser: Unamuno, Miguel de
Format: Buch
Sprache:Undetermined
Veröffentlicht: Madrid, España Espasa-Calpe 1958
Ausgabe:8
Schlagworte:
Tags: Tag hinzufügen
Keine Tags, Fügen Sie den ersten Tag hinzu!

MARC

LEADER 00000nam a2200000Ia 4500
008 170316s9999 xx 000 0 und d
040 |a cru BVZT 
090 |a 862 U-2n 
100 |a Unamuno, Miguel de 
245 |a Niebla 
250 |a 8 
260 |a Madrid, España 
260 |b Espasa-Calpe 
260 |c 1958 
300 |a 166 páginas 
650 |a LITERATURA ESPAÑOLA 
650 |a NOVELA 
999 |c 10480  |d 10480 
942 |c 15 D  |h 862 U-2n  |2 z